000 00756nam a2200205Ii 4500
003 JO-AjNU
008 230605s9999||||xx |||||||||||||| ||und||
017 _a1970/2946
040 _aJO-AjNU
_bara
_erda
_cJO-AjNU
041 _aara
050 1 4 _aBD331.R3.1971
100 3 _aعبيد، رؤوف,
_eauthor
_939755
245 0 0 _aفي التسيير والتخيير بين الفلسفة العامة وفلسفة القانون
264 3 1 _aد.م:الهيئة العامة للكتب والاجهزة العلمية ،1971
300 _a566ص
_bفهرس ابجدي من صفحة 555-صفحة562
336 _atext
_btxt
_2rdacontent
337 _aunmediated
_bn
_2rdamedia
338 _avolume
_bnc
_2rdacarrier
650 4 _aفلسفة-قانون
_939756
999 _aA16817
_c20385
_d20385